ბათუმის შოთა რუსთაველის სახელმწიფო უნივერსიტეტის ბიბლიოთეკა

Линейная алгебра и некоторые ее приложения: (ბიბ.ჩანაწერი № 39158)

000 -LEADER
fixed length control field 00663nam a2200217Ia 4500
001 - CONTROL NUMBER
control field 5741
003 - CONTROL NUMBER IDENTIFIER
control field GE_BSU
008 - FIXED-LENGTH DATA ELEMENTS--GENERAL INFORMATION
fixed length control field 181216s||||||||xx |||||||||||||| ||und||
040 ## - CATALOGING SOURCE
Transcribing agency GE_BSU
080 ## - UNIVERSAL DECIMAL CLASSIFICATION NUMBER
Universal Decimal Classification number 512.64(075.8)
100 ## - MAIN ENTRY--PERSONAL NAME
Personal name Головина Л. И.
245 ## - TITLE STATEMENT
Title Линейная алгебра и некоторые ее приложения:
245 ## - TITLE STATEMENT
Remainder of title Учебное пособие для.студ.вузов
250 ## - EDITION STATEMENT
Edition statement изд.2-ое
260 ## - PUBLICATION, DISTRIBUTION, ETC.
Place of publication, distribution, etc. Москва
260 ## - PUBLICATION, DISTRIBUTION, ETC.
Name of publisher, distributor, etc. Наука
260 ## - PUBLICATION, DISTRIBUTION, ETC.
Date of publication, distribution, etc. 1975
300 ## - PHYSICAL DESCRIPTION
Extent 407 с. 20 см.
653 ## - INDEX TERM--UNCONTROLLED
Uncontrolled term Линейная алгебраи некоторые ее приложения:
942 ## - ADDED ENTRY ELEMENTS (KOHA)
Koha item type წიგნი
ეგზემპლარები
Withdrawn status Lost status Damaged status Not for loan Date acquired Barcode Date last seen Price effective from Koha item type
        2018-12-17 16616 2018-12-17 2018-12-17 წიგნი
        2018-12-17 16617 2018-12-17 2018-12-17 წიგნი